• 首页
  • 本馆介绍
  • 公告通知
  • 最新文献
  • 馆藏检索
  • 电子资源
  • 读者导购
  • 参考咨询
  • 我的图书馆
  • 登录
  • 详细信息显示
  • 放入我的书架
  • 预约/预借图书
  • 作者相关作品
  • 分类相关作品
  • 丛书相关作品
  • 出版社相关作品

书目信息

  • 表格格式
  • 工作单格式
  • 卡片格式
题名:
涉税服务相关法律经典题解
    
 
作者: 李素贞 主编 ;中华会计网校 编
分册:  
出版信息: 北京   人民出版社  2020.06
页数: 453页
开本: 26cm
丛书名: 梦想成真系列辅导丛书
单 册:
中图分类: D922.2
科图分类:
主题词: 税法--shui fa--中国--资格考试--题解
电子资源:
ISBN: 978-7-01-021832-8
000 01270nam 2200325 450
001 CAL 010356390
005 20230217093111.0
010    @a978-7-01-021832-8@dCNY72.00
092    @aCN@bRt934-0513
100    @a20210409d2020 em y0chiy0120 ea
101 0  @achi
102    @aCN@b110000
105    @ay q 000yy
106    @ar
200 1  @a涉税服务相关法律经典题解@Ashe shui fu wu xiang guan fa lu^ jing dian ti jie@f李素贞主编@g中华会计网校编
210    @a北京@c人民出版社@d2020.06
215    @a453页@d26cm
225 2  @a梦想成真系列辅导丛书@Ameng xiang cheng zhen xi lie fu dao cong shu
225 2  @a2020年度税务师梦想成真系列@A2020 nian du shui wu shi meng xiang cheng zhen xi lie
300    @a2020年度全国税务师职业资格考试
300    @a根据2020年度国家税务师职业资格考试大纲编写
330    @a本书共分四部分, 内容包括: 命题趋势预测及应试技巧、核心考点精析及习题训练、跨章节主观题突破、机考通关模拟试题演练。
410  0 @12001 @a梦想成真系列辅导丛书
410  0 @12001 @a2020年度税务师梦想成真系列
606 0  @a税法@Ashui fa@y中国@x资格考试@j题解
690    @aD922.2@v5
701  0 @a李素贞@Ali su zhen@4主编
712 02 @a中华会计网校@Azhong hua hui ji wang xiao@4编
801  0 @aCN@bBJXHZP@c20230222
905    @b1394156-9@dD922.2@e2262@f4@S@Z
    
    涉税服务相关法律经典题解/李素贞主编/中华会计网校编.-北京:人民出版社,2020.06
    453页;26cm.-(梦想成真系列辅导丛书).-(2020年度税务师梦想成真系列)
    2020年度全国税务师职业资格考试.-根据2020年度国家税务师职业资格考试大纲编写
    
    ISBN 978-7-01-021832-8:CNY72.00
    本书共分四部分, 内容包括: 命题趋势预测及应试技巧、核心考点精析及习题训练、跨章节主观题突破、机考通关模拟试题演练。
●
相关链接 在E读中查询图书 在五车中查询图书 在当当中查询图书 在豆瓣中查询图书


正题名:涉税服务相关法律经典题解     索取号:D922.2/2262         预约/预借

序号 登录号 条形码 馆藏地/架位号 状态 备注
1 1394156   213941564   第一样本阅览室/ [索取号:D922.2/2262] 在馆    
2 1394157   213941573   第一借阅区/ [索取号:D922.2/2262] 在馆    
3 1394158   213941582   第一借阅区/ [索取号:D922.2/2262] 在馆    
4 1394159   213941591   第一借阅区/ [索取号:D922.2/2262] 在馆    
唐山师范学院图书馆 欢迎您!
大连网信软件有限公司© 版权所有